Community forestry manual for Bhutan, part lI : (Record no. 1354)

MARC details
000 -LEADER
fixed length control field 00669nam a2200157 4500
001 - CONTROL NUMBER
control field 1780
005 - DATE AND TIME OF LATEST TRANSACTION
control field 20181127164002.0
090 00 - LOCALLY ASSIGNED LC-TYPE CALL NUMBER (OCLC); LOCAL CALL NUMBER (RLIN)
Classification number (OCLC) (R) ; Classification number, CALL (RLIN) (NR) 333.75095498 S67812n 2010
110 ## - MAIN ENTRY--CORPORATE NAME
Corporate name or jurisdiction name as entry element [Forest Extension Division, Department of Forest Services, Royal Government of Bhutan].
Subordinate unit
Location of meeting
Date of meeting or treaty signing
Relator term
Number of part/section/meeting
Name of part/section of a work
245 00 - TITLE STATEMENT
Title Community forestry manual for Bhutan, part lI :
Remainder of title Community forest management planning /
Statement of responsibility, etc. [Forest Extension Division, Department of Forest Services, Royal Government of Bhutan].
Medium
300 00 - PHYSICAL DESCRIPTION
Extent 89 leaves
500 ## - GENERAL NOTE
General note Bound xerographic copy.
650 00 - SUBJECT ADDED ENTRY--TOPICAL TERM
Topical term or geographic name entry element Community forestry -- Bhutan.
General subdivision
Topical term or geographic name entry element Forest management -- Bhutan.
General subdivision
Topical term or geographic name entry element Social forestry programs --Bhutan.
General subdivision
Holdings
Withdrawn status Lost status Source of classification or shelving scheme Damaged status Not for loan Collection code Home library Current library Shelving location Serial Enumeration / chronology Inventory number Total Checkouts Full call number Barcode Date last seen Price effective from Koha item type
    Dewey Decimal Classification     Main TEST RTC Library RTC Library Main opac 4671   333.75095 COM 30001744 27/11/2018 27/11/2018 Main
Royal Thimphu College || All Right Reserved